Managing currency risk (Record no. 40076)

000 -LEADER
fixed length control field 01287pab a2200157 454500
008 - FIXED-LENGTH DATA ELEMENTS--GENERAL INFORMATION
fixed length control field 180718b1998 xxu||||| |||| 00| 0 eng d
100 ## - MAIN ENTRY--PERSONAL NAME
Personal name Singh, Devi
245 ## - TITLE STATEMENT
Title Managing currency risk
260 ## - PUBLICATION, DISTRIBUTION, ETC.
Date of publication, distribution, etc. 1998
300 ## - PHYSICAL DESCRIPTION
Extent p.6-10
362 ## - DATES OF PUBLICATION AND/OR SEQUENTIAL DESIGNATION
Dates of publication and/or sequential designation Jul-Dec
520 ## - SUMMARY, ETC.
Summary, etc. With market frontiers expanding and financial price volatility and risk going up, management of foreign exchange risk assumes importance. The implications of increased involvement of Indian companies in international trade and finance require managers to measure the foreign exchange exposure and manage it to maximise profitability, net cash flow and the market value of the firm. An analysis of the foreign risk management practices of some Indian companies reveals that they neither have a model for forecasting foreign exchange rate movement nor a detailed mechanism to evaluate the effectiveness of their foreign exchange risk management practices. The general perception among the managers of these companies is that Indian companies are small players in the foreign exchange market and better management practices would evolve only after the Indian market for hedging products fully developed and experience gained in this regard. - Reproduced
650 ## - SUBJECT ADDED ENTRY--TOPICAL TERM
Topical term or geographic name entry element Foreign exchange
773 ## - HOST ITEM ENTRY
Main entry heading Vision
909 ## -
-- 40076
Holdings
Withdrawn status Lost status Damaged status Not for loan Permanent Location Current Location Date acquired Serial Enumeration / chronology Barcode Date last seen Price effective from Koha item type
        Indian Institute of Public Administration Indian Institute of Public Administration 2018-07-19 Volume no: 2, Issue no: 2 AR40448 2018-07-19 2018-07-19 Articles

Powered by Koha